Longest Country Names - Statistics

General Stats
  • This quiz has been taken 209 times
    177 since last reset
  • The average score is 14 of 19
Answer Stats
Continent # of Letters Answer % Correct
Asia 10 Kazakhstan
85%
Asia 12 Turkmenistan
84%
Asia 10 Uzbekistan
82%
Europe 13 Liechtenstein
81%
Asia 11 Afghanistan
80%
Africa 10 Madagascar
79%
Africa 10 Mauritania
78%
Africa 10 Mozambique
77%
Asia 10 Tajikistan
77%
Europe 10 Luxembourg
75%
Asia 10 Azerbaijan
73%
Asia 10 Kyrgyzstan
73%
Europe 11 Netherlands
73%
Europe 11 Switzerland
69%
Asia 11 Philippines
65%
Europe 10 Montenegro
60%
Asia 10 Bangladesh
56%
Africa 10 Seychelles
51%
Africa 12 Guinea-Bissau
37%
No matching quizzes found
Score Distribution
Percent of People with Each Score
Percentile by Number Answered
Your Score History
You have not taken this quiz since the last reset